Laddyrinth Adventure Quiz Stats

Quiz Updated Sep 21, 2012

Also try: Word Laddyrinth 3D
Challenge
Share
Tweet
Score 0/192 Timer 20:00
3 Plays Today
% Correct
California Valley
94.9%
La Bohème heroine
93.6%
Silent performer
92.2%
0~O~0~O~0~O~0
90.9%
0~O~0~O~0~O~0
90.9%
0~O~0~O~0~O~0
89.9%
0~O~0~O~0~O~0
89.9%
Prefix for half
89%
MIME
86.8%
Alien seeker group
83.9%
0~O~0~O~0~O~0
82.8%
0~O~0~O~0~O~0
82.8%
0~O~0~O~0~O~0
80.7%
0~O~0~O~0~O~0
80.7%
Tibetan monster
80.3%
Actor Rogen
80.3%
Sister of Jo and Meg
80.3%
SEMI
79.6%
2nd Greek Letter
78.3%
Found: ★GAMMA★
77.2%
SETH
77.1%
0~O~0~O~0~O~0
77%
0~O~0~O~0~O~0
77%
▲ YETI ▲ (teleport)
76.5%
MIMI
73.7%
BETH
72%
SETI
71.7%
SIMI
68.3%
0~O~0~O~0~O~0
66.1%
0~O~0~O~0~O~0
66.1%
0~O~0~O~0~O~0
65.9%
0~O~0~O~0~O~0
65.9%
0~O~0~O~0~O~0
65.9%
0~O~0~O~0~O~0
65.9%
0~O~0~O~0~O~0
65.9%
0~O~0~O~0~O~0
65.9%
0~O~0~O~0~O~0
65.9%
0~O~0~O~0~O~0
65.9%
0~O~0~O~0~O~0
65.8%
0~O~0~O~0~O~0
65.8%
0~O~0~O~0~O~0
65.7%
0~O~0~O~0~O~0
65.7%
0~O~0~O~0~O~0
65.6%
0~O~0~O~0~O~0
65.6%
0~O~0~O~0~O~0
65.1%
0~O~0~O~0~O~0
65.1%
0~O~0~O~0~O~0
62.3%
0~O~0~O~0~O~0
62.3%
0~O~0~O~0~O~0
60.5%
0~O~0~O~0~O~0
60.5%
0~O~0~O~0~O~0
60.3%
0~O~0~O~0~O~0
60.3%
0~O~0~O~0~O~0
59.9%
0~O~0~O~0~O~0
59.9%
0~O~0~O~0~O~0
59.9%
0~O~0~O~0~O~0
59.9%
0~O~0~O~0~O~0
59.4%
0~O~0~O~0~O~0
59.4%
0~O~0~O~0~O~0
59.3%
0~O~0~O~0~O~0
59.3%
0~O~0~O~0~O~0
58.7%
0~O~0~O~0~O~0
58.7%
0~O~0~O~0~O~0
58.6%
0~O~0~O~0~O~0
58.6%
% Correct
Brown songbird
55.9%
Lie hidden
55.9%
Couch relative
55.8%
Chimney residue
55.8%
An idiot
55.8%
Not hard
55.7%
0~O~0~O~0~O~0
55.7%
0~O~0~O~0~O~0
55.7%
Put a car in a space
55.7%
Military post
55.7%
Person from Ankara
55.6%
0~O~0~O~0~O~0
55.6%
0~O~0~O~0~O~0
55.6%
0~O~0~O~0~O~0
55.6%
0~O~0~O~0~O~0
55.6%
FOOT
55.6%
0~O~0~O~0~O~0
55.6%
0~O~0~O~0~O~0
55.6%
12 inches
55.4%
▲ FOOL ▲
55.2%
SOOT
55.2%
0~O~0~O~0~O~0
55.1%
0~O~0~O~0~O~0
55.1%
PARK
54.9%
Rotate on an axis
54.8%
0~O~0~O~0~O~0
54.7%
0~O~0~O~0~O~0
54.7%
0~O~0~O~0~O~0
54.7%
0~O~0~O~0~O~0
54.7%
SOFT
54.6%
Duelist VP Aaron
54.6%
0~O~0~O~0~O~0
54.5%
0~O~0~O~0~O~0
54.5%
0~O~0~O~0~O~0
54.4%
0~O~0~O~0~O~0
54.4%
PORK
54.4%
Found: ★SERIF★
54.3%
0~O~0~O~0~O~0
54.1%
BURN
54%
0~O~0~O~0~O~0
54%
0~O~0~O~0~O~0
54%
TURN
53.9%
Undergo combustion
53.5%
FORE
53.5%
PORE
53.4%
FORT
53.3%
LARK
53.2%
Skin opening
53%
Meat from a pig
52.9%
TURK
52.9%
What golfers yell
52.9%
▲ BURR ▲
51.5%
LURK
51.3%
Kitten sound
50.9%
Knitting stitch
50.9%
To form coils
50.9%
Antidote
49.8%
Astronomer Sagan
49.8%
PURR
49.3%
Type of fish
49.1%
Found: ★SITE★
48.5%
CARL
48.3%
CURL
47.7%
PURL
47.3%
% Correct
Found: ★GAR★
46.8%
Stacked bed
45.5%
Hoodlum or musician
45.5%
In large quantities
45.5%
BUNK
45%
BULK
43.8%
▲ PUNK ▲
43.3%
▲ HULK ▲
40.5%
Frame of a ship
39.6%
Pineapple brand
39.4%
The Incredible ___
39.4%
All alone
39.3%
A store incentive
39.3%
HULL
39.1%
POOL
38.8%
DOLE
38.5%
Found: ★MOOSE★
38.4%
SOLE
38.2%
PULL
38.2%
POLL
38%
DOLL
37.6%
▲ LUKE ▲
36.7%
Swimming locale
36.7%
Barbie or Ken, i.e.
36.7%
Opposite of push
36.7%
Political survey
36.7%
Spasm of pain
35.1%
Of sound mind
35.1%
Suspend
35%
Trig function
35%
Jedi Skywalker
34.8%
Arm ender
34.6%
Found: ★LABOR★
34.5%
Found: ★PEEN★
34.3%
SANE
34.3%
PUKE
34.2%
PINE
34.1%
PINK
34%
PUCK
34%
PANE
34%
To vomit
33.3%
A dark red
33.3%
Hockey disk
33.3%
Coniferous tree
33.3%
Window section
33.3%
Light red color
33.3%
PUCE
32.7%
HANG
32.2%
PANG
31.7%
Cycling's ___ d'Italia
23.4%
Beginner or newbie
22.9%
Lamb-pita sandwich
22.6%
LURE
22.2%
LORE
21.8%
GYRO
21.6%
GORE
21.6%
Blood and guts
20.7%
A spiral motion
20.7%
A fishing decoy
20.7%
Traditional belief
20.7%
GYRE
20.3%
Found: ★SASS★
19.4%
▲ TYRO ▲
19.4%
0~O YOU WIN! ~0
12%

You're not logged in!

Compare scores with friends on all Sporcle quizzes.
Sign Up with Email
OR
Log In

You Might Also Like...

Show Comments

Extras

Top Quizzes Today


Score Distribution

Your Account Isn't Verified!

In order to create a playlist on Sporcle, you need to verify the email address you used during registration. Go to your Sporcle Settings to finish the process.